<?xml version="1.0" encoding="UTF-8"?><?xml-stylesheet type="text/xsl" href="static/style.xsl"?><OAI-PMH xmlns="http://www.openarchives.org/OAI/2.0/" xmlns:xsi="http://www.w3.org/2001/XMLSchema-instance" xsi:schemaLocation="http://www.openarchives.org/OAI/2.0/ http://www.openarchives.org/OAI/2.0/OAI-PMH.xsd"><responseDate>2026-06-01T01:18:14Z</responseDate><request verb="GetRecord" identifier="oai:riuma.uma.es:10630/38476" metadataPrefix="marc">https://riuma.uma.es/rest/oai/request</request><GetRecord><record><header><identifier>oai:riuma.uma.es:10630/38476</identifier><datestamp>2026-02-03T11:34:04Z</datestamp><setSpec>com_10630_2254</setSpec><setSpec>col_10630_37953</setSpec></header><metadata><record xmlns="http://www.loc.gov/MARC21/slim" xmlns:dcterms="http://purl.org/dc/terms/" xmlns:doc="http://www.lyncode.com/xoai" xmlns:xsi="http://www.w3.org/2001/XMLSchema-instance" xsi:schemaLocation="http://www.loc.gov/MARC21/slim http://www.loc.gov/standards/marcxml/schema/MARC21slim.xsd">
   <leader>00925njm 22002777a 4500</leader>
   <datafield ind2=" " ind1=" " tag="042">
      <subfield code="a">dc</subfield>
   </datafield>
   <datafield ind2=" " ind1=" " tag="720">
      <subfield code="a">Mokhtarini, Hamid Reza</subfield>
      <subfield code="e">author</subfield>
   </datafield>
   <datafield ind2=" " ind1=" " tag="720">
      <subfield code="a">Cuesta-Vargas, Antonio</subfield>
      <subfield code="e">author</subfield>
   </datafield>
   <datafield ind2=" " ind1=" " tag="720">
      <subfield code="a">Dibai‑Filho, Almir Vieira</subfield>
      <subfield code="e">author</subfield>
   </datafield>
   <datafield ind2=" " ind1=" " tag="720">
      <subfield code="a">Melloh, Markus</subfield>
      <subfield code="e">author</subfield>
   </datafield>
   <datafield ind2=" " ind1=" " tag="720">
      <subfield code="a">Bejer, Agnieszka</subfield>
      <subfield code="e">author</subfield>
   </datafield>
   <datafield ind2=" " ind1=" " tag="260">
      <subfield code="c">2025-04-16</subfield>
   </datafield>
   <datafield ind2=" " ind1=" " tag="520">
      <subfield code="a">Background: To assess the 10-item Spine Functional Index (SFI-10) clinimetric properties in a general musculoskeletal disorder (MSD) spine population. Ascertain the psychometric characteristics' consistency with the developmental study findings for structural and criterion validity, internal consistency, and floor/ceiling effect; establish the longitudinal characteristics for test-retest reliability, responsiveness, construct validity, and error scores; and clarify practical characteristics of readability, missing responses, and time/errors for completion/scoring related to administrative burden.&#xd;
Methods: A longitudinal study of deidentified spine MSD patients (n = 1317, 53.4% female, age = 18-91yrs, av = 49.5 ± 16.4yrs; neck = 36.5%, mid-back = 8.4%, low back = 56.0%, multi-site = 0.3%) who completed the SFI-10, the Patient Specific Functional Scale (PSFS), and Numerical Rating Scales for Global-function (G-NRS) and Pain (P-NRS). Structural validity used factor analysis, exploratory (EFA) and confirmatory (CFA), plus Rasch analysis. Criterion validity used Spearman's correlation coefficient (r) between the SFI-10 and criteria (PSFS, G-NRS and P-PRS) scores, and construct validity (n = 91, known-groups independent t-test). Internal consistency used Cronbach's alpha (α) and floor/ceiling effects were determined. Subgroups determined reliability (n = 104, intraclass correlation coefficient, ICC2.1); error (n = 171) through the standard error of measurement (SEM) and minimum detectable change (MDC90). Responsiveness (n = 171) was calculated using effect-size (ES), standard response mean (SRM), and area under the curve (AUC).&#xd;
Conclusions: The SFI-10 demonstrates sound measurement properties in a general physiotherapy outpatient MSD spine population for both psychometric and practical characteristics. Further investigation in culturally diverse settings that include both inpatients and community settings with whole-spine and regional-spine criteria is required.</subfield>
   </datafield>
   <datafield ind1="8" ind2=" " tag="024">
      <subfield code="a">Mokhtarinia HR, Cuesta-Vargas A, Dibai-Filho AV, Melloh M, Bejer A. A shortened 10-item Spine Functional Index: clinimetric properties indicate a reliable, responsive and practical measure. BMC Musculoskelet Disord. 2025 Apr 16;26(1):370. doi: 10.1186/s12891-025-08604-0. PMID: 40241107; PMCID: PMC12001575.</subfield>
   </datafield>
   <datafield ind1="8" ind2=" " tag="024">
      <subfield code="a">https://hdl.handle.net/10630/38476</subfield>
   </datafield>
   <datafield ind1="8" ind2=" " tag="024">
      <subfield code="a">10.1186/s12891-025-08604-0</subfield>
   </datafield>
   <datafield tag="653" ind2=" " ind1=" ">
      <subfield code="a">Columna vertebral - Enfermedades</subfield>
   </datafield>
   <datafield tag="653" ind2=" " ind1=" ">
      <subfield code="a">Diagnóstico</subfield>
   </datafield>
   <datafield tag="653" ind2=" " ind1=" ">
      <subfield code="a">Psicometría</subfield>
   </datafield>
   <datafield tag="653" ind2=" " ind1=" ">
      <subfield code="a">Cuestionarios</subfield>
   </datafield>
   <datafield ind2="0" ind1="0" tag="245">
      <subfield code="a">A shortened 10‑item Spine Functional Index: clinimetric properties indicate a reliable, responsive and practical measure.</subfield>
   </datafield>
</record>
</metadata></record></GetRecord></OAI-PMH>